Central Library OPAC University of Rajshahi

The poems of Gerard Manley Hopkins / (Record no. 19591)

MARC details
000 -LEADER
fixed length control field 00909nam a22002771 4500
001 - CONTROL NUMBER
control field 19591
003 - CONTROL NUMBER IDENTIFIER
rucl marc code BD-RjUL
005 - DATE AND TIME OF LATEST TRANSACTION
control field 20211209000442.0
008 - FIXED-LENGTH DATA ELEMENTS--GENERAL INFORMATION
fixed length control field 740605s1967 enk 000 paeng
035 ## - SYSTEM CONTROL NUMBER
System control number (BD-RjUL)19651
040 ## - CATALOGING SOURCE
Original cataloging agency DLC
Transcribing agency DLC
Modifying agency DLC
-- BD-RjUL
Language of cataloging eng
041 ## - LANGUAGE CODE
Language code of text/sound track or separate title eng
082 ## - DEWEY DECIMAL CLASSIFICATION NUMBER
Classification number 821.4
Author mark and year HOP 1967
100 1# - MAIN ENTRY--PERSONAL NAME
Personal name Hopkins, Gerard Manley,
Dates associated with a name 1844-1889.
9 (RLIN) 60187
245 14 - TITLE STATEMENT
Title The poems of Gerard Manley Hopkins /
Statement of responsibility, etc. Gerard Manley Hopkins
250 ## - EDITION STATEMENT
Edition statement 4th ed. based on the 1st ed. of 1918 and enlarged to incorporate all known poems and fragments;
260 ## - PUBLICATION, DISTRIBUTION, ETC. (IMPRINT)
Place of publication, distribution, etc. London ;
-- New York [etc.] ;
Name of publisher, distributor, etc. Oxford U.P.,
Date of publication, distribution, etc. c1967.
300 ## - PHYSICAL DESCRIPTION
Pagination lxvi, 362 p. ;
Size 22 cm.
650 ## - SUBJECT ADDED ENTRY--TOPICAL TERM
Topical term or geographic name as entry element English poetry.
9 (RLIN) 60188
700 1# - ADDED ENTRY--PERSONAL NAME
Personal name Gardner, W. H.
Fuller form of name (William Henry),
Dates associated with a name 1902-
Personal name MacKenzie, N. H.,
Relator term ed.
942 ## - ADDED ENTRY ELEMENTS (KOHA)
Source of classification or shelving scheme Dewey Decimal Classification
Koha item type Books
Holdings
Lost status Source of classification or shelving scheme Damaged status Not for loan Collection code Permanent Location Current Location Shelving location Date acquired Source of acquisition Cost, normal purchase price Total Checkouts Full call number Date last seen Copy number Koha item type
  Dewey Decimal Classification     Fiction Central Library, University of Rajshahi Central Library, University of Rajshahi   09/05/1974 O. U. P 36.50   821.4 HOP 1967 25/02/2014 C-2 Books